Basic television and video systems / (Record no. 545718)
[ view plain ]
| 000 -LEADER | |
|---|---|
| fixed length control field | 00803pam a2200217 a 4500 |
| 082 00 - DEWEY DECIMAL CLASSIFICATION NUMBER | |
| Classification number | 621.388 |
| Author Mark | GRO |
| -- | L-NUST-1, P-83 |
| 100 1# - MAIN ENTRY--PERSONAL NAME | |
| Personal name | Grob, Bernard. |
| 9 (RLIN) | 19461 |
| 245 10 - TITLE STATEMENT | |
| Title | Basic television and video systems / |
| Statement of responsibility, etc. | Bernard Grob. |
| 250 ## - EDITION STATEMENT | |
| Edition statement | 5th ed. |
| 260 ## - PUBLICATION, DISTRIBUTION, ETC. | |
| Place of publication, distribution, etc. | New York : |
| Name of publisher, distributor, etc. | McGraw-Hill, |
| Date of publication, distribution, etc. | c1984. |
| 300 ## - PHYSICAL DESCRIPTION | |
| Extent | xii, 464 p., [4] p. of plates : |
| Other physical details | ill. (some col.) ; |
| Dimensions | 25 cm. |
| 500 ## - GENERAL NOTE | |
| General note | Includes index. |
| 500 ## - GENERAL NOTE | |
| General note | Rev. ed. of: Basic television, principles and servicing. 4th ed. 1975. |
| 526 ## - STUDY PROGRAM INFORMATION NOTE | |
| Program name | 0 |
| Interest level | 0 |
| Reading level | 0 |
| Title point value | 621_388000000000000_GRO |
| 650 #0 - SUBJECT ADDED ENTRY--TOPICAL TERM | |
| Topical term or geographic name entry element | MCE |
| 9 (RLIN) | 379 |
| 650 #0 - SUBJECT ADDED ENTRY--TOPICAL TERM | |
| Topical term or geographic name entry element | Television. |
| 9 (RLIN) | 41674 |
| 700 1# - ADDED ENTRY--PERSONAL NAME | |
| Personal name | Grob, Bernard. |
| 9 (RLIN) | 19461 |
| 856 41 - ELECTRONIC LOCATION AND ACCESS | |
| Uniform Resource Identifier | <a href="http://www.loc.gov/catdir/enhancements/fy0602/83005476-t.html">http://www.loc.gov/catdir/enhancements/fy0602/83005476-t.html</a> |
| 856 42 - ELECTRONIC LOCATION AND ACCESS | |
| Uniform Resource Identifier | <a href="http://www.loc.gov/catdir/enhancements/fy0602/83005476-d.html">http://www.loc.gov/catdir/enhancements/fy0602/83005476-d.html</a> |
| 942 ## - ADDED ENTRY ELEMENTS (KOHA) | |
| Source of classification or shelving scheme | |
| Koha item type | Book |
| Withdrawn status | Lost status | Source of classification or shelving scheme | Damaged status | Not for loan | Permanent Location | Current Location | Date acquired | Total Checkouts | Full call number | Barcode | Date last seen | Price effective from | Koha item type |
|---|---|---|---|---|---|---|---|---|---|---|---|---|---|
| Military College of Engineering (MCE) | Military College of Engineering (MCE) | 05/28/2014 | 621.388 GRO | MCE-34993 | 05/28/2014 | 05/28/2014 | Book |
